Sports Quiz

Random Sports or NBA Quiz
Score 0/38 Timer 06:00
3 Plays Today
1998 Team Player % Correct
LALKobe Bryant
90.6%
MILRay Allen
85.2%
MINKevin Garnett
77%
SASTim Duncan
72.9%
BOSPaul Pierce
71%
DALSteve Nash
68.7%
PORJermaine O'Neal
67%
DALDirk Nowitzki
66.7%
PHOJason Kidd
61.6%
TORVince Carter
61.4%
DENChauncey Billups
49.5%
LALDerek Fisher
47.9%
WASBen Wallace
46.9%
CHHBrad Miller
42.8%
TORTracy McGrady
42.5%
VANMike Bibby
39.6%
WASJuwan Howard
38.4%
DETGrant Hill
36.1%
GSWAntawn Jamison
35.7%
1998 Team Player % Correct
MINJoe Smith
34.8%
SEARashard Lewis
34.7%
SACJason Williams
34.7%
NYKMarcus Camby
30.4%
PHIAnthony Parker
29.9%
CLEZydrunas Ilgauskas
28.9%
NYKKurt Thomas
23.3%
SACPeja Stojakovic
21.1%
DETJerry Stackhouse
16%
DENAntonio McDyess
15.1%
BOSTony Battie
12%
GSWErick Dampier
11.5%
PHITheo Ratliff
10.7%
PHINazr Mohammed
7.3%
INDAl Harrington
7.1%
SASAntonio Daniels
3.3%
NJN/CLEEarl Boykins
3.1%
LACBrian Skinner
1.6%
TORSean Marks
1.5%
Remove Ads.
Support Sporcle.
Get the best of Sporcle when you Go Orange. This ad-free experience offers more features, more stats, and more fun while also helping to support Sporcle. Thank you for becoming a member.

You're not logged in!

Compare scores with friends on all Sporcle quizzes.
OR
Log In

Sporcle TV

Today on Sporcle TV


Watch our educational content, quiz creation guides, and fun videos on Sporcle TV.

Show Comments

Extras

Top Quizzes Today


Score Distribution

Paid Content

Your Account Isn't Verified!

In order to create a playlist on Sporcle, you need to verify the email address you used during registration. Go to your Sporcle Settings to finish the process.

Report this User

Report this user for behavior that violates our Community Guidelines.

Details: